Southville International School and Colleges
Your cart is empty.
  • Cart
  • Lists
    Public lists Eva Luna New books Lux_list list_1
    Your lists Log in to create your own lists
  • Log in to your account
  • Your cookies
  • Search history
Southville International School and Colleges
  • Advanced search
  • Recent comments
  • Most popular
  • Libraries

Log in to your account

Log in with GOOGLE


If you do not have an external account, but do have a local account, you can still log in:

  1. Home
  2. MARC view: Little blue and little yellow :
Normal view MARC view ISBD view

Little blue and little yellow : (Record no. 34297)

[ view plain ]
MARC details
000 -LEADER
fixed length control field 01097cam a2200361 a 4500
003 - CONTROL NUMBER IDENTIFIER
control field OSt
005 - DATE AND TIME OF LATEST TRANSACTION
control field 20140310184425.0
008 - FIXED-LENGTH DATA ELEMENTS--GENERAL INFORMATION
fixed length control field 771025s1959 nyua j 000 1 eng
010 ## - LIBRARY OF CONGRESS CONTROL NUMBER
LC control number 59012398
020 ## - INTERNATIONAL STANDARD BOOK NUMBER
International Standard Book Number 0590479423
035 ## - SYSTEM CONTROL NUMBER
System control number (OCoLC)3368265
040 ## - CATALOGING SOURCE
Original cataloging agency DLC
Transcribing agency DLC
042 ## - AUTHENTICATION CODE
Authentication code premarc
050 00 - LIBRARY OF CONGRESS CALL NUMBER
Classification number PZ 8.9
Item number .L655Li 1959
100 1# - MAIN ENTRY--PERSONAL NAME
Personal name Lionni, Leo,
Dates associated with a name 1910-1999.
9 (RLIN) 26898
245 10 - TITLE STATEMENT
Title Little blue and little yellow :
Remainder of title a story for Pippo and Ann and other children /
Statement of responsibility, etc Leo Lionni.
260 ## - PUBLICATION, DISTRIBUTION, ETC. (IMPRINT)
Place of publication, distribution, etc New York :
Name of publisher, distributor, etc Scholastic inc.,
Date of publication, distribution, etc 1959.
300 ## - PHYSICAL DESCRIPTION
Extent 48 p. :
Other physical details ill. ;
Dimensions 21 cm.
521 ## - TARGET AUDIENCE NOTE
Target audience note
526 ## - STUDY PROGRAM INFORMATION NOTE
Reading level 210
650 #0 - SUBJECT ADDED ENTRY--TOPICAL TERM
Topical term or geographic name as entry element Color
Form subdivision Juvenile fiction.
9 (RLIN) 26899
650 #0 - SUBJECT ADDED ENTRY--TOPICAL TERM
Topical term or geographic name as entry element Friendship
Form subdivision Juvenile fiction.
9 (RLIN) 26900
650 #1 - SUBJECT ADDED ENTRY--TOPICAL TERM
Topical term or geographic name as entry element Color
Form subdivision Fiction.
9 (RLIN) 26901
650 #1 - SUBJECT ADDED ENTRY--TOPICAL TERM
Topical term or geographic name as entry element Friendship
Form subdivision Fiction.
9 (RLIN) 26902
655 #7 - INDEX TERM--GENRE/FORM
Genre/form data or focus term Juvenile literature
Chronological subdivision 1959.
Source of term rbgenr
9 (RLIN) 26903
906 ## - LOCAL DATA ELEMENT F, LDF (RLIN)
a 7
b cbc
c premver
d 1
e ncip
f 19
g y-genrareb
942 ## - ADDED ENTRY ELEMENTS (KOHA)
Source of classification or shelving scheme Library of Congress Classification
Koha item type
Holdings
Withdrawn status Lost status Source of classification or shelving scheme Damaged status Home library Current library Shelving location Date acquired Total Checkouts Full call number Barcode Date last seen Copy number Price effective from Koha item type
    Library of Congress Classification   Luxembourg Library Luxembourg Library Scholastic Reading Center Section 10/09/2013   PZ 8.9 .L655Li 1959 LEX1906 04/18/2017 1 10/09/2013 Books
    Library of Congress Classification   Luxembourg Library Luxembourg Library Scholastic Reading Center Section 10/22/2013   PZ 8.9 .L655Li 1959 LEX2991 04/18/2017 2 10/22/2013 Books

Little blue and little yellow :

APA

Lionni L., . (1959). Little blue and little yellow. New York: Scholastic inc.

Chicago

Lionni Leo, . 1959. Little blue and little yellow. New York: Scholastic inc.

Harvard

Lionni L., . (1959). Little blue and little yellow. New York: Scholastic inc.

MLA

Lionni Leo, . Little blue and little yellow. New York: Scholastic inc. 1959.

  • Place hold
  • Print
  • Cite
  • Add to your cart (remove)
  • Save record
    BIBTEX Dublin Core MARCXML MARC (non-Unicode/MARC-8) MARC (Unicode/UTF-8) MARC (Unicode/UTF-8, Standard) MODS (XML) RIS
  • More searches
    Search for this title in:
    Other Libraries (WorldCat) Other Databases (Google Scholar) Online Stores (Bookfinder.com) Open Library (openlibrary.org)

Exporting to Dublin Core...

SOUTHVILLE LIBRARY

Southville International School and Colleges Library

1281 Tropical Ave. Cor. Luxembourg St., BF Homes International, Las Pinas City

Tel. No. 8256374 / 252358 Loc. 117/146

Powered by Koha